000 00702nam a2200193 a 4500
001 000038403
005 20201002031242.0
008 130410s2005 dr a 000 0 spa d
020 _a9993477923
040 _aDO-SdBNP
_bspa
_cBNPHU
100 1 _aRozas Aristy, Eduardo
_937777
245 1 0 _aArquitectura y creatividad /
_cEduardo Rozas Aristy.
260 _aSanto Domingo :
_bUniversitaria ,
_c2005.
300 _a254 p. :
_bil. ;
_c27 cm.
490 1 _aPublicaciones de la Universidad Autónoma de Santo Domingo
_v1224
490 1 _aColección Arte y Sociedad
_v39
830 0 _aPublicaciones de la Universidad Autónoma de Santo Domingo
_n1224
_964742
830 0 _aColección Arte y Sociedad
_n39
_964743
999 _c37893
_d37893